| 000 | 00470nam a2200157Ia 4500 | ||
|---|---|---|---|
| 008 | 230907s9999||||xx |||||||||||||| ||und|| | ||
| 082 |
_a621.4 _bMAH |
||
| 100 |
_aMahesh Kumar (NUST201260728MCES64112F) _9116275 |
||
| 245 | 0 | _aHeat extraction from the solar pond / | |
| 260 |
_aUSPCAS-E, NUST, _bIslamabad : _c2015 |
||
| 300 | _axii, 52+xviii p. | ||
| 520 | _aTH-8 | ||
| 650 |
_aMS-ESE Thesis MS Thesis _9116276 |
||
| 700 |
_aDr Adeel Waqas _928869 |
||
| 942 |
_cTHE _2ddc |
||
| 999 |
_c601687 _d601687 |
||